000 00626nam a22002297a 4500
003 UA-OsUOA
001 82779
007 ta
008 20120319b un ||||| |||| 00| 0 ukr d
100 _aViatte A.
090 _a82(09)=111
942 _cBK
040 _aUA-OsUOA
_bfre
_cUA-OsUOA
_dUA-OsUOA
245 _aHistorie Litteraire de L'amerique Francaise
_bDes Origines a 1950
300 _a545 с.
955 _a2
041 _afre
080 _a82(09)=111
260 _aLaval, Quebec
_bPresses Universitaires
_c1954
650 7 _a82 Література. Літературознавство
_2UDC
999 _c369103
_d369103